00329nam a2200121Ia 4500008004100000020001800041041001200059100001800071245006200089250000800151260003800159650001000197221030s9999 xx 000 0 und d a9780071070522 aEnglish aS. J. Chapman 0aElectric Machinery Fundamentals 4th Ed.cby S. J. Chapman a4th bTata Mcgraw HillaNew Delhic2011 aBB EE